| 000 | 01350nam0a2200289 4500 | ||
|---|---|---|---|
| 001 | RU\NLR\bibl\972604 | ||
| 005 | 20260405121545.0 | ||
| 021 |
_aRU _b2006-39215 _91969 |
||
| 035 | _a(NLR Aleph) 000960552 | ||
| 090 |
_a336724 _c336724 |
||
| 100 | _a20060804d2005 |||y0rusy50 ca | ||
| 101 | 0 | _arus | |
| 102 | _aRU | ||
| 105 | _ay ||||||||| | ||
| 200 | 1 |
_aИстория философии науки: от Фалеса до Сократа _eлекция _fН.И. Сидоренко _gФедер. агентство по образованию, Рос. экон. акад. им. Г.В. Плеханова |
|
| 210 |
_aМосква _cИзд-во Российской экономической академии _d2005 |
||
| 215 |
_a48 с. _d21 |
||
| 320 | _aБиблиогр.: с. 48 (25 назв.) | ||
| 606 | 1 |
_aФилософия науки _jУчебные издания для высших учебных заведений _xИстория _zАнтичный период _92167905 _3RU\NLR\AUTH\6601540991 |
|
| 686 | _aЮ25г(0)3я73 | ||
| 700 | 1 |
_4070 _8rus _7ca _aСидоренко _bН. И. _cд-р филос. наук _gНиколай Иванович _3RU\NLR\auth\7747558 _930493 |
|
| 801 | 0 |
_aRU _bNLR _c20060804 _grcr |
|
| 801 | 1 |
_aRU _bNLR _c20060804 |
|
| 942 | _cBOOK | ||
| 980 | _aNB | ||